| 000 | 00838nam a2200217Ia 4500 | ||
|---|---|---|---|
| 003 | OSt | ||
| 005 | 20200922114812.0 | ||
| 008 | 191128s1977 ck abo gr 000 0 spa d | ||
| 040 |
_aCO-JMCR _cCO-JMCR |
||
| 041 | 0 | _aspa | |
| 082 | 0 | 4 |
_a467.9861 / _bG748e _223 |
| 100 |
_aGranda, Germán de, _eautor _910617 |
||
| 245 | 1 | 0 |
_aEstudios sobre una área dialectal hispanoamericana de población negra : _blas tierras bajas occidentales de Colombia _cGranda, Germán |
| 260 |
_aBogotá : _bInstituto Caro y Cuervo, _c1977. |
||
| 300 |
_a366 páginas : _bmapas, fotografías en blanco y negro ; _c23 cm. |
||
| 490 |
_aBiblioteca de publicaciones : _a Instituto Caro y Cuervo _v41. |
||
| 505 | _aLingüstica -- Folclor oral | ||
| 650 | 2 | 4 |
_aEspañol _xProvincialismos _910618 |
| 650 | 2 | 4 |
_aLitoral Pacífico _z Colombia _910619 |
| 942 |
_2ddc _cBK |
||
| 999 |
_c6345 _d6345 |
||